Statystyki dla Top 5 państw najmniejszych Ameryki Południowej

Kliknij tutaj aby rozwiązać quiz!

Ogólne statystyki

  • Ten quiz został rozwiązany 161 razy
  • Średni wynik to 5 z 5

Statystyki odpowiedzi

km2Państwo% Poprawnych
176 220Urugwaj
95%
214 970Gujana
93%
406 750Paragwaj
93%
163 270Surinam
93%
283 560Ekwador
88%

Rozkład punktacji

Percentyl według liczby udzielonych odpowiedzi

Procent ludzi z każdym wynikiem

Twoja historia wyników

Nie rozwiązałeś tego quizu